000 00726nam a22002417a 4500
005 20170124105946.0
010 _aA-612845
020 _c15.00
_a8172012349
035 _aA-612845
037 _bCen Lib/Ret
040 _aDPL
_bEN
082 _a260.33
_bKOH
100 _aKohli, Mohindar Pal
_912487
245 _aGuru Tegh Bahadur /
_cby Mohidar Pal Kohli
260 _aNew Delhi
_bSahitya Akademi
_c1992
270 _a35, Feroj Shah Road
_bNew Delhi
_e110001
300 _avi, 67p.
_c19cm(Hb)
490 _aMakers of indian literature series
500 _aIncludes bibliographical references
650 _aSikhism
_93669
650 _aBiographies
_x
_912488
942 _2ddc
_cEN
_h260.33
_mKOH
999 _c124945
_d124945